[Event "Mecklenburg VP-ch U12"]
[Site "Malchow"]
[Date "2015.02.01"]
[Round "3.10"]
[White "Mauser, Tarik Gino"]
[Black "Warda, Michelangelo"]
[Result "0-1"]
[WhiteElo "909"]
[BlackElo "927"]
[PlyCount "124"]
[EventDate "2015.01.31"]
[EventType "swiss"]
[EventRounds "7"]
[EventCountry "GER"]
[SourceTitle "EXT 2022"]
[Source "ChessBase"]
[SourceDate "2021.10.06"]
[SourceVersion "1"]
[SourceVersionDate "2021.10.06"]
[SourceQuality "1"]

1. d4 d5 2. Nf3 Nf6 3. Bf4 Nc6 4. Nbd2 Bf5 5. e3 e6 6. Bd3 Bxd3 7. cxd3 Bb4 8. a3 Bd6 9. Bxd6 Qxd6 10. Nb3 e5 11. dxe5 Nxe5 12. Nxe5 Qxe5 13. d4 Qd6 14. Nc5 Qb6 15. b4 0-0 16. g4 a5 17. bxa5 Qxa5+ 18. Kf1 b6 19. Nd3 Qb5 20. Kg2 Qd7 21. Ne5 Qe6 22. Rg1 Ne4 23. Kf3 f6 24. Nd3 Ng5+ 25. Ke2 Qe4 26. Ne1 c5 27. dxc5 Qc4+ 28. Qd3 Qxd3+ 29. Nxd3 bxc5 30. Nxc5 Rfc8 31. Nd7 Rc2+ 32. Kf1 Rd8 33. Nb6 d4 34. exd4 Rxd4 35. h4 Nh3 36. Rg2 Nf4 37. Rh2 Ne6 38. a4 Rxg4 39. a5 Rb4 40. a6 Rxb6 41. a7 Nc7 42. Rh3 Na8 43. Rd3 Kf7 44. Rd8 Nc7 45. Rd7+ Kg6 46. Rxc7 Rxc7 47. a8Q Rcb7 48. Qe8+ Kh6 49. Qe4 Rb4 50. Qe3+ g5 51. hxg5+ fxg5 52. Ra6+ Kh5 53. Qe8+ Kh4 54. Rh6+ Kg4 55. Qh5+ Kf5 56. Qg6+ hxg6 57. Rh1 Rb1+ 58. Kg2 Rxh1 59. Kxh1 Rh7+ 60. Kg2 g4 61. f3 gxf3+ 62. Kxf3 g5 0-1

[Event "Mecklenburg VP-ch U12"]
[Site "Malchow"]
[Date "2015.02.01"]
[Round "2.9"]
[White "Warda, Michelangelo"]
[Black "Lenk, Enrico Lars"]
[Result "0-1"]
[WhiteElo "927"]
[BlackElo "807"]
[PlyCount "110"]
[EventDate "2015.01.31"]
[EventType "swiss"]
[EventRounds "7"]
[EventCountry "GER"]
[SourceTitle "EXT 2022"]
[Source "ChessBase"]
[SourceDate "2021.10.06"]
[SourceVersion "1"]
[SourceVersionDate "2021.10.06"]
[SourceQuality "1"]

1. e4 e5 2. Nf3 Nc6 3. Nc3 Nf6 4. d4 d6 5. dxe5 Nxe5 6. Nxe5 dxe5 7. Qxd8+ Kxd8 8. Bg5 h6 9. Bxf6+ gxf6 10. Bc4 Be6 11. 0-0-0+ Ke7 12. Bxe6 fxe6 13. Rd2 Rd8 14. Rxd8 Kxd8 15. Rd1+ Kc8 16. Nb5 a6 17. Nc3 h5 18. h4 Rg8 19. g3 Bc5 20. Rf1 Kb8 21. Na4 Bf8 22. Rd1 Ka7 23. Nc5 Bxc5 24. Rf1 f5 25. exf5 exf5 26. c3 Rf8 27. b4 Bb6 28. c4 c5 29. b5 f4 30. Rg1 fxg3 31. fxg3 e4 32. g4 Rf4 33. g5 Rf8 34. Kd2 Rg8 35. Rg2 Bc7 36. Ke3 axb5 37. cxb5 c4 38. Kxe4 c3 39. Kd3 Ba5 40. g6 Kb6 41. Rg5 Bb4 42. Kc2 Be7 43. Rxh5 Rxg6 44. Kxc3 Rg3+ 45. Kc4 Rg4+ 46. Kb3 Rxh4 47. Rxh4 Bxh4 48. Kc4 Be7 49. a4 Ka5 50. Kb3 Bf8 51. Kc4 Kxa4 52. b6 Ka5 53. Kb3 Kxb6 54. Ka4 Kc5 55. Ka5 b5 0-1

[Event "Mecklenburg VP-ch U12"]
[Site "Malchow"]
[Date "2015.01.31"]
[Round "1.4"]
[White "Gazizov, Max"]
[Black "Warda, Michelangelo"]
[Result "1-0"]
[WhiteElo "1100"]
[BlackElo "927"]
[PlyCount "69"]
[EventDate "2015.01.31"]
[EventType "swiss"]
[EventRounds "7"]
[EventCountry "GER"]
[SourceTitle "EXT 2022"]
[Source "ChessBase"]
[SourceDate "2021.10.06"]
[SourceVersion "1"]
[SourceVersionDate "2021.10.06"]
[SourceQuality "1"]

1. d4 d5 2. e3 Nf6 3. Bd3 e6 4. f4 Be7 5. Nf3 Nc6 6. c3 Bd7 7. 0-0 0-0 8. Ne5 a6 9. Qf3 h6 10. Bd2 b6 11. Be1 a5 12. Nd2 Na7 13. Rc1 c5 14. Bh4 c4 15. Bc2 Nb5 16. g4 Nd6 17. g5 Nfe8 18. Qh5 f5 19. Ng6 Rf7 20. Nf3 Ne4 21. Bxe4 dxe4 22. Nfe5 Nd6 23. Nxf7 Nxf7 24. Nxe7+ Qxe7 25. g6 Ng5 26. fxg5 Be8 27. gxh6 Qf8 28. hxg7 Qxg7 29. Qh7+ Qxh7 30. gxh7+ Kxh7 31. Bf6 Bh5 32. Kf2 Rg8 33. Rg1 Rf8 34. Be5 Bg6 35. Rg2 1-0